Taylor Swift song quiz - Statistics

General Stats
  • This quiz has been taken 8 times
  • The average score is 353 of 398
Answer Stats
Answer % Correct
a
100%
all
100%
be
100%
belong
100%
cause
100%
cry
100%
day
100%
do
100%
dreams
100%
girl
100%
girlfriend
100%
I
100%
i
100%
I'm
100%
im
100%
in
100%
it
100%
know
100%
like
100%
me
100%
my
100%
never
100%
night
100%
of
100%
on
100%
phone
100%
see
100%
she
100%
shes
100%
so
100%
the
100%
when
100%
with
100%
you
100%
your
100%
You're
100%
youre
100%
about
80%
along
80%
and
80%
at
80%
baby
80%
backdoor
80%
been
80%
better
80%
bleachers
80%
bout
80%
brought
80%
by
80%
can
80%
cant
80%
captain
80%
cheer
80%
could
80%
doesn't
80%
doing
80%
down
80%
dreamin
80%
dreaming
80%
driving
80%
ever
80%
favorite
80%
find
80%
fine
80%
for
80%
get
80%
going
80%
has
80%
have
80%
havent
80%
heels
80%
here
80%
hey
80%
high
80%
house
80%
how
80%
humor
80%
if
80%
its
80%
just
80%
kind
80%
laugh
80%
light
80%
listening
80%
lookin
80%
looking
80%
makes
80%
maybe
80%
middle
80%
music
80%
not
80%
off
80%
one
80%
room
80%
said
80%
say
80%
seen
80%
she'll
80%
short
80%
since
80%
skirts
80%
smile
80%
sneakers
80%
something
80%
songs
80%
standing
80%
story
80%
tell
80%
than
80%
that
80%
think
80%
this
80%
thought
80%
time
80%
to
80%
town
80%
tshirts
80%
Tuesday
80%
typical
80%
understands
80%
up
80%
upset
80%
waiting
80%
wake
80%
wear
80%
wears
80%
what
80%
where
80%
while
80%
who
80%
whole
80%
why
80%
youve
80%
bench
60%
easy
60%
got
60%
help
60%
is
60%
isnt
60%
jeans
60%
laughing
60%
myself
60%
oh
60%
ought
60%
out
60%
park
60%
remember
60%
streets
60%
enter Taylor to finish the song taylor
60%
thinking
60%
walk
60%
worn
60%
No matching quizzes found
Score Distribution
Percent of People with Each Score
Percentile by Number Answered
Your Score History
You have not taken this quiz